[Event "EU-ch Internet qual"]
[Site "playchess.com INT"]
[Date "2003.11.08"]
[Round "8"]
[White "Kharlov, Andrei"]
[Black "Borg, Geoffrey"]
[Result "1-0"]
[WhiteElo "2591"]
[BlackElo "2367"]
[PlyCount "93"]
[EventDate "2003.11.08"]
[EventType "swiss (blitz)"]
[EventRounds "15"]
[EventCountry "GER"]
[SourceTitle "EXT 2004"]
[Source "ChessBase"]
[SourceDate "2003.11.25"]
[SourceVersion "1"]
[SourceVersionDate "2003.11.25"]
[SourceQuality "1"]

1. c4 e6 2. Nc3 d5 3. d4 c6 4. Nf3 dxc4 5. a4 Bb4 6. Bd2 a5 7. e4 Bxc3 8. bxc3
b5 9. Qb1 Ba6 10. Ne5 Nf6 11. Be2 O-O 12. O-O Qc7 13. Bf4 Qd8 14. Bg5 h6 15.
Bxf6 gxf6 16. Ng4 Kg7 17. Qc1 Rh8 18. Qf4 Nd7 19. Rfe1 b4 20. Qg3 Kf8 21. Qd6+
Qe7 22. Qxc6 Kg7 23. Qc7 e5 24. Ne3 Qd8 25. Qxd8 Rhxd8 26. d5 Nb6 27. cxb4 axb4
28. a5 Nd7 29. Bxc4 Rdc8 30. Bxa6 Rxa6 31. Reb1 Rc5 32. Rxb4 Raxa5 33. Rxa5
Rxa5 34. g3 Nc5 35. Nf5+ Kg6 36. d6 Ra1+ 37. Kg2 Rd1 38. Rc4 Ne6 39. Rc8 h5 40.
Rb8 Kh7 41. Rb7 Kg6 42. Ne7+ Kh7 43. Nd5 Kg6 44. d7 Rd4 45. Rb6 Nd8 46. Rb8 Ne6
47. Re8 1-0

[Event "EU-ch Internet qual"]
[Site "playchess.com INT"]
[Date "2003.11.08"]
[Round "10"]
[White "Kharlov, Andrei"]
[Black "Solovjov, Sergey"]
[Result "0-1"]
[WhiteElo "2591"]
[BlackElo "2436"]
[PlyCount "64"]
[EventDate "2003.11.08"]
[EventType "swiss (blitz)"]
[EventRounds "15"]
[EventCountry "GER"]
[SourceTitle "EXT 2004"]
[Source "ChessBase"]
[SourceDate "2003.11.25"]
[SourceVersion "1"]
[SourceVersionDate "2003.11.25"]
[SourceQuality "1"]

1. c4 g6 2. g3 Bg7 3. Bg2 d6 4. Nc3 Nd7 5. e3 e5 6. Nge2 Ne7 7. O-O O-O 8. b3
f5 9. d3 c6 10. Ba3 f4 11. exf4 exf4 12. gxf4 Nf5 13. Qd2 Qh4 14. Bb2 Nf6 15.
Ne4 Ng4 16. h3 Nf6 17. Nxf6+ Bxf6 18. Bxf6 Rxf6 19. Rae1 Bd7 20. d4 Raf8 21.
Nc3 Ng7 22. Re7 Bxh3 23. Bxh3 Qxh3 24. Qe3 Qg4+ 25. Qg3 Qc8 26. Ne4 Rxf4 27. f3
Qf5 28. Rxb7 Rxe4 29. Qxd6 Qg5+ 30. Kf2 Qh4+ 31. Kg2 Re2+ 32. Kg1 Qg5+ 0-1

[Event "EU-ch Internet qual"]
[Site "playchess.com INT"]
[Date "2003.11.08"]
[Round "11"]
[White "Kharlov, Andrei"]
[Black "Kiriakov, Petr"]
[Result "1-0"]
[WhiteElo "2591"]
[BlackElo "2553"]
[PlyCount "141"]
[EventDate "2003.11.08"]
[EventType "swiss (blitz)"]
[EventRounds "15"]
[EventCountry "GER"]
[SourceTitle "EXT 2004"]
[Source "ChessBase"]
[SourceDate "2003.11.25"]
[SourceVersion "1"]
[SourceVersionDate "2003.11.25"]
[SourceQuality "1"]

1. c4 e6 2. Nc3 d5 3. d4 Nf6 4. cxd5 exd5 5. Bg5 c6 6. e3 Be7 7. Nf3 Nbd7 8.
Bd3 O-O 9. Qc2 Re8 10. O-O g6 11. Rae1 Nh5 12. Bxe7 Rxe7 13. a3 Nb6 14. Ne5 Ng7
15. a4 Bf5 16. a5 Nd7 17. Nxd7 Qxd7 18. Na4 Bxd3 19. Qxd3 Nf5 20. Rc1 Nd6 21.
Nc5 Qf5 22. Qxf5 Nxf5 23. a6 b6 24. Nd3 Rc7 25. Nb4 Ne7 26. Rc3 Kf8 27. Rfc1
Rac8 28. f3 Ke8 29. Kf2 Kd7 30. Nd3 Kd6 31. b4 f5 32. Ne5 Ng8 33. Ke2 Nf6 34.
Kd3 Nd7 35. Nxd7 Kxd7 36. h3 Kd6 37. Ke2 b5 38. Kf2 Rb8 39. h4 Rb6 40. Ra3 Re7
41. Kg3 Rb8 42. Kf4 Rb6 43. Kg5 Re6 44. Rc2 Ke7 45. h5 Kf7 46. hxg6+ hxg6 47.
Rc1 Kg7 48. Rh1 Rb8 49. g3 Rbe8 50. Rc1 Rh8 51. g4 fxg4 52. Kxg4 Rf8 53. Rac3
Rff6 54. Re1 Rd6 55. Kg3 Rde6 56. e4 Rf7 57. e5 g5 58. Rec1 Rf4 59. Rxc6 Rxc6
60. Rxc6 Rxd4 61. Rc7+ Kg6 62. Rxa7 Rxb4 63. Ra8 Ra4 64. a7 Kf7 65. Rh8 Rxa7
66. Rh7+ Ke6 67. Rxa7 Kxe5 68. Rb7 Kd4 69. Rxb5 Kc4 70. Ra5 d4 71. Rxg5 1-0

[Event "EU-ch Internet qual"]
[Site "playchess.com INT"]
[Date "2003.11.08"]
[Round "12"]
[White "Popovic, Dusan"]
[Black "Kharlov, Andrei"]
[Result "1/2-1/2"]
[WhiteElo "2438"]
[BlackElo "2591"]
[PlyCount "111"]
[EventDate "2003.11.08"]
[EventType "swiss (blitz)"]
[EventRounds "15"]
[EventCountry "GER"]
[SourceTitle "EXT 2004"]
[Source "ChessBase"]
[SourceDate "2003.11.25"]
[SourceVersion "1"]
[SourceVersionDate "2003.11.25"]
[SourceQuality "1"]

1. e4 c5 2. Nf3 Nc6 3. Nc3 d6 4. d4 cxd4 5. Nxd4 Nf6 6. Bg5 e6 7. Qd2 Be7 8.
O-O-O Nxd4 9. Qxd4 O-O 10. f4 Qa5 11. Bc4 Bd7 12. e5 dxe5 13. fxe5 Bc6 14. Bd2
Nd7 15. Nd5 Qd8 16. Nxe7+ Qxe7 17. Rhe1 Rfd8 18. Qg4 Nf8 19. Bd3 Rd5 20. Bb4
Qd8 21. h4 Ng6 22. Bd6 h5 23. Qxh5 Qxd6 24. Qxg6 fxg6 25. exd6 Rxd6 26. Bxg6
Rxd1+ 27. Kxd1 Rd8+ 28. Kc1 Bxg2 29. Rxe6 Bc6 30. b3 Kf8 31. a4 Rd4 32. h5 Bd7
33. Re5 Rd6 34. Kb2 b6 35. a5 Be6 36. axb6 axb6 37. c4 Bd7 38. Kc3 Rf6 39. Kb4
Rd6 40. Rd5 Rxd5 41. cxd5 Ke7 42. Kc4 Kd6 43. Kd4 Bg4 44. b4 Bd7 45. Bf7 Bf5
46. Be8 Bg4 47. Bg6 Bd7 48. Ke4 Ba4 49. Bf7 Bc2+ 50. Kf4 Bd3 51. Kg5 Bc2 52.
Bg6 Ba4 53. Bd3 Be8 54. Be4 Ke5 55. Bf3 Bf7 56. Bg2 1/2-1/2

[Event "EU-ch Internet qual"]
[Site "playchess.com INT"]
[Date "2003.11.08"]
[Round "13"]
[White "Abergel, Thal"]
[Black "Kharlov, Andrei"]
[Result "1/2-1/2"]
[WhiteElo "2412"]
[BlackElo "2591"]
[PlyCount "83"]
[EventDate "2003.11.08"]
[EventType "swiss (blitz)"]
[EventRounds "15"]
[EventCountry "GER"]
[SourceTitle "EXT 2004"]
[Source "ChessBase"]
[SourceDate "2003.11.25"]
[SourceVersion "1"]
[SourceVersionDate "2003.11.25"]
[SourceQuality "1"]

1. e4 c5 2. Nc3 Nc6 3. Bb5 Nd4 4. Bc4 e6 5. Nf3 a6 6. Nxd4 cxd4 7. Ne2 d5 8.
exd5 exd5 9. Bd3 Bc5 10. O-O Nf6 11. Ng3 O-O 12. a4 Re8 13. b3 Bg4 14. f3 Bd7
15. Ba3 Bxa3 16. Rxa3 Qe7 17. Ra1 Qc5 18. Re1 g6 19. Rxe8+ Rxe8 20. Qf1 a5 21.
Re1 Re6 22. Rxe6 fxe6 23. Qe2 Qd6 24. Bb5 e5 25. Bxd7 Nxd7 26. Qb5 b6 27. d3
Nf6 28. Ne2 Qc5 29. c4 Qxb5 30. cxb5 Nd7 31. f4 e4 32. Nxd4 exd3 33. Kf2 Nc5
34. Ke3 Kf7 35. Nc6 Nxb3 36. Ne5+ Ke6 37. Nxd3 Kf5 38. h3 h5 39. g3 g5 40. fxg5
Kxg5 41. Kf3 Kf5 42. Ke3 1/2-1/2

[Event "EU-ch Internet qual"]
[Site "playchess.com INT"]
[Date "2003.11.08"]
[Round "14"]
[White "Kharlov, Andrei"]
[Black "Mikhalevski, Victor"]
[Result "1-0"]
[WhiteElo "2591"]
[BlackElo "2523"]
[PlyCount "121"]
[EventDate "2003.11.08"]
[EventType "swiss (blitz)"]
[EventRounds "15"]
[EventCountry "GER"]
[SourceTitle "EXT 2004"]
[Source "ChessBase"]
[SourceDate "2003.11.25"]
[SourceVersion "1"]
[SourceVersionDate "2003.11.25"]
[SourceQuality "1"]

1. c4 Nf6 2. Nc3 d5 3. cxd5 Nxd5 4. d4 g6 5. e4 Nxc3 6. bxc3 Bg7 7. Bc4 c5 8.
Ne2 Nc6 9. Be3 O-O 10. O-O Bd7 11. Rb1 a6 12. Bd3 b5 13. d5 Ne5 14. Bxc5 Rc8
15. Bd4 e6 16. Nf4 Nxd3 17. Nxd3 Bxd4 18. cxd4 exd5 19. e5 Bf5 20. Rb3 f6 21.
exf6 Bxd3 22. Rxd3 Qxf6 23. Rf3 Qb6 24. Rxf8+ Rxf8 25. Re1 Rf4 26. g3 Rxd4 27.
Re8+ Kf7 28. Qe2 Re4 29. Rxe4 dxe4 30. Qxe4 Qe6 31. Qb7+ Kf6 32. Qf3+ Kg7 33.
Qc3+ Kg8 34. a3 Qd6 35. h4 h5 36. Qe3 Kf7 37. Qa7+ Ke6 38. Qe3+ Kd5 39. Qc3 Qe5
40. Qd3+ Qd4 41. Qxg6 Qa1+ 42. Kg2 Qxa3 43. Qxh5+ Kc6 44. Qg6+ Qd6 45. h5 b4
46. Qxd6+ Kxd6 47. h6 b3 48. h7 b2 49. h8=Q b1=Q 50. Qf6+ Kd7 51. Qxa6 Qe4+ 52.
Kg1 Qe1+ 53. Qf1 Qd2 54. Qh3+ Ke7 55. Qg4 Qc1+ 56. Kg2 Qc6+ 57. Qf3 Qb6 58.
Qe3+ Qxe3 59. fxe3 Kf6 60. Kf3 Kf5 61. g4+ 1-0

[Event "EU-ch Internet fin"]
[Site "playchess.com INT"]
[Date "2003.11.09"]
[Round "1.2"]
[White "Vlassov, Nikolai"]
[Black "Kharlov, Andrei"]
[Result "1-0"]
[WhiteElo "2466"]
[BlackElo "2591"]
[PlyCount "129"]
[EventDate "2003.11.09"]
[EventType "k.o. (blitz)"]
[EventRounds "5"]
[EventCountry "GER"]
[SourceTitle "EXT 2004"]
[Source "ChessBase"]
[SourceDate "2003.11.25"]
[SourceVersion "1"]
[SourceVersionDate "2003.11.25"]
[SourceQuality "1"]

1. e4 c5 2. c3 Nf6 3. e5 Nd5 4. d4 cxd4 5. cxd4 Nc6 6. Nc3 Nxc3 7. bxc3 d5 8.
Bd3 h6 9. f4 e6 10. Qg4 Bd7 11. Nf3 Na5 12. O-O Rc8 13. Bd2 Nc4 14. Bc1 Qa5 15.
Rb1 b6 16. Bxc4 Rxc4 17. Bd2 g6 18. Qg3 Be7 19. Rb2 Qa3 20. Rfb1 Qa6 21. h3 Ba3
22. Rb3 Bf8 23. R3b2 Ba4 24. Nh2 h5 25. Nf3 Ba3 26. f5 Rg8 27. fxe6 fxe6 28.
Qh4 Qb7 29. Ng5 Qe7 30. Rb3 Bxb3 31. axb3 Rc8 32. b4 Rf8 33. Rb3 Bxb4 34. Rxb4
Rf5 35. Ra4 a5 36. Ra1 Kd7 37. g4 hxg4 38. hxg4 Rff8 39. Rb1 Kc6 40. c4 dxc4
41. Qh1+ Kc7 42. Bxa5 Rb8 43. Bd2 Qd7 44. Qe4 Ra8 45. Bb4 Qd5 46. Bd6+ Kc6 47.
Bxf8 Qxe4 48. Nxe4 Rxf8 49. Ng5 c3 50. Rb3 Kd5 51. Rxc3 Rf4 52. Nf3 b5 53. Kf2
b4 54. Rc1 Ke4 55. Re1+ Kd3 56. d5 exd5 57. e6 Rf8 58. e7 Re8 59. Ne5+ Kc3 60.
Nf7 b3 61. Nd6 Rxe7 62. Rxe7 b2 63. Nb5+ Kb4 64. Re1 Kxb5 65. Rb1 1-0

[Event "Moscow Aeroflot op-A"]
[Site "Moscow"]
[Date "2004.02.17"]
[Round "1"]
[White "Kharlov, Andrei"]
[Black "Deviatkin, Andrei"]
[Result "1/2-1/2"]
[WhiteElo "2607"]
[BlackElo "2495"]
[PlyCount "69"]
[EventDate "2004.02.17"]
[EventType "swiss"]
[EventRounds "9"]
[EventCountry "RUS"]
[SourceTitle "EXT 2005"]
[Source "ChessBase"]
[SourceDate "2004.11.15"]
[SourceVersion "1"]
[SourceVersionDate "2004.11.15"]
[SourceQuality "1"]

1. d4 d5 2. Nf3 Nf6 3. c4 c6 4. Nc3 dxc4 5. a4 Bf5 6. e3 e6 7. Bxc4 Bb4 8. O-O
O-O 9. Nh4 Nbd7 10. Nxf5 exf5 11. h3 a5 12. Qf3 g6 13. g4 Nb6 14. Bb3 Nbd5 15.
Nxd5 cxd5 16. gxf5 Kh8 17. Bc2 Qe7 18. Qf4 Bd6 19. Qg5 Rg8 20. fxg6 Rxg6 21.
Bxg6 Rg8 22. Kh1 Rxg6 23. Qh4 Qe6 24. Rg1 Ne4 25. Rxg6 fxg6 26. Kg2 Qf5 27. f4
Qc8 28. Qe1 Qc2+ 29. Kf3 Qh2 30. Qf1 Qg3+ 31. Ke2 Qh2+ 32. Kd3 Bb4 33. Qf3 Kg7
34. Rb1 b6 35. Ra1 1/2-1/2

[Event "Moscow Aeroflot op-A"]
[Site "Moscow"]
[Date "2004.02.19"]
[Round "3"]
[White "Kharlov, Andrei"]
[Black "Shengelia, Davit"]
[Result "1/2-1/2"]
[WhiteElo "2607"]
[BlackElo "2496"]
[PlyCount "65"]
[EventDate "2004.02.17"]
[EventType "swiss"]
[EventRounds "9"]
[EventCountry "RUS"]
[SourceTitle "EXT 2005"]
[Source "ChessBase"]
[SourceDate "2004.11.15"]
[SourceVersion "1"]
[SourceVersionDate "2004.11.15"]
[SourceQuality "1"]

1. c4 e6 2. Nc3 d5 3. d4 Nf6 4. Nf3 Nbd7 5. cxd5 exd5 6. Bg5 c6 7. e3 Be7 8.
Bd3 O-O 9. Qc2 Re8 10. O-O Nf8 11. Rae1 Ne4 12. Bxe7 Qxe7 13. Bxe4 dxe4 14. Nd2
f5 15. f3 exf3 16. Nxf3 Be6 17. a3 Rad8 18. Qa4 b5 19. Qb4 Bc4 20. Rf2 Ng6 21.
Qxe7 Rxe7 22. Rd2 a5 23. Kf2 b4 24. axb4 axb4 25. Na4 Bd5 26. Nc5 Rde8 27. g3
Ra7 28. Nd3 b3 29. Rc1 Ra4 30. Nfe5 Nxe5 31. Nxe5 Rxe5 32. dxe5 Kf7 33. Rc3
1/2-1/2

[Event "Moscow Aeroflot op-A"]
[Site "Moscow"]
[Date "2004.02.20"]
[Round "4"]
[White "Novikov, Stanislav"]
[Black "Kharlov, Andrei"]
[Result "0-1"]
[WhiteElo "2515"]
[BlackElo "2607"]
[PlyCount "70"]
[EventDate "2004.02.17"]
[EventType "swiss"]
[EventRounds "9"]
[EventCountry "RUS"]
[SourceTitle "EXT 2005"]
[Source "ChessBase"]
[SourceDate "2004.11.15"]
[SourceVersion "1"]
[SourceVersionDate "2004.11.15"]
[SourceQuality "1"]

1. Nf3 c5 2. g3 g6 3. Bg2 Bg7 4. O-O Nc6 5. c4 e5 6. Nc3 d6 7. a3 Nge7 8. b4
Be6 9. Ng5 Bxc4 10. d3 Be6 11. Nxe6 fxe6 12. bxc5 dxc5 13. Bg5 Qd7 14. Ne4 b6
15. Nf6+ Bxf6 16. Bxf6 O-O 17. Bxe7 Nxe7 18. Bxa8 Rxa8 19. Rc1 Nc6 20. Qa4 Rd8
21. Qe4 Qc7 22. Qg4 Nd4 23. Qe4 Qd6 24. e3 Ne2+ 25. Kg2 Nxc1 26. Rxc1 Qxd3 27.
Qa4 Rd7 28. h4 Qd5+ 29. Kg1 Kg7 30. Qb5 h5 31. a4 Rc7 32. e4 Qd2 33. Rf1 Qd4
34. Qe8 Qd7 35. Qb8 Qc8 0-1

[Event "Moscow Aeroflot op-A"]
[Site "Moscow"]
[Date "2004.02.21"]
[Round "5"]
[White "Kharlov, Andrei"]
[Black "Minasian, Artashes"]
[Result "0-1"]
[WhiteElo "2607"]
[BlackElo "2499"]
[Annotator "Meulders"]
[PlyCount "94"]
[EventDate "2004.02.17"]
[EventType "swiss"]
[EventRounds "9"]
[EventCountry "RUS"]
[SourceTitle "CBM 100"]
[Source "ChessBase"]
[SourceDate "2004.06.01"]
[SourceVersion "1"]
[SourceVersionDate "2004.06.01"]
[SourceQuality "1"]

1. c4 c6 2. e4 e5 3. Nf3 d6 4. d4 Bg4 5. Be2 Nd7 6. Nc3 Ngf6 7. O-O Be7 8. Be3
O-O 9. Rc1 a6 (9... Re8 10. d5 Bf8 (10... cxd5 11. cxd5 Bxf3 12. Bxf3 a6 13. a4
Qb8 14. b4 Rc8 15. Qb3 Bd8 16. Rc2 a5 17. Rfc1 axb4 18. Qxb4 Nc5 19. Nb5 b6 {
1/2-1/2 Smejkal,J-Mokry,K/Czechia 1997 (19)}) 11. b4 a5 12. dxc6 bxc6 13. b5
cxb5 14. cxb5 a4 15. Nd2 Bxe2 16. Qxe2 Qb8 17. Nc4 $16 {1-0 Ivanchuk,V-Galego,
L/Yerevan 1996 (39)}) 10. h3 Bh5 11. d5 cxd5 12. cxd5 Rc8 13. Nd2 Bg6 14. b4
Ne8 15. Bg4 Nef6 16. Bf3 Ne8 17. Nb3 {Weiß ist nicht interessiert in Remis (17.
Bg4).} Bg5 {Den schlechten Läufer tauschen, das kann nicht schlecht sein.} 18.
Bxg5 (18. Qd2 Bxe3 19. Qxe3 f5 20. Na5 Rc7 $11) 18... Qxg5 19. Na5 (19. Qd2
Qxd2 20. Nxd2 f5 $11) 19... f5 $5 {Schwarz geht aktiv vor und kümmert sich
nicht um den b-Bauern, weil es sich um einen Scheinopfer handelt.} 20. Nxb7 Rb8
21. Na5 Rxb4 $15 22. Nc6 fxe4 $1 {Die weiße Lage verschlechtert sich
allmählich.} 23. Bg4 (23. Nxb4 exf3 24. g3 Qh5 25. Kh2 Bf5 $19) 23... Rb7 24.
Na5 (24. Be6+) 24... Rc7 25. Na4 Ndf6 26. Be6+ Bf7 27. Nc6 Bxe6 28. dxe6 Nh5
29. e7 Rf7 30. Qg4 Qxg4 31. hxg4 Nf4 $19 32. Rc2 Ne2+ 33. Rxe2 Rxc6 34. Rxe4
Rxe7 35. Rb4 h6 36. Rd1 Nf6 37. Rb6 Rec7 38. Rxd6 {Gewinnt den Bauern zurück,
aber gegen einen hohen Preis.} Rc1+ 39. Kh2 Nxg4+ 40. Kg3 Nf6 41. Rd8+ Kh7 42.
Rxa6 R7c4 $1 43. Nb2 (43. f3 Nh5+ 44. Kf2 R4c2+ 45. Ke3 Nf4 {/\...Re1 Matt} 46.
Ke4 Re1+ $19) 43... Nh5+ 44. Kf3 R1c3+ 45. Ke2 Rc2+ 46. Rd2 Nf4+ 47. Ke1 Rxb2
$1 {Diese thematische Wendung gewinnt eine Figur.} 0-1

[Event "Moscow Aeroflot op-A"]
[Site "Moscow"]
[Date "2004.02.22"]
[Round "6"]
[White "Olafsson, Helgi"]
[Black "Kharlov, Andrei"]
[Result "1-0"]
[WhiteElo "2270"]
[BlackElo "2607"]
[PlyCount "89"]
[EventDate "2004.02.17"]
[EventType "swiss"]
[EventRounds "9"]
[EventCountry "RUS"]
[SourceTitle "EXT 2005"]
[Source "ChessBase"]
[SourceDate "2004.11.15"]
[SourceVersion "1"]
[SourceVersionDate "2004.11.15"]
[SourceQuality "1"]

1. d4 d5 2. Nf3 g6 3. c4 dxc4 4. e3 Be6 5. a4 Nf6 6. Na3 c5 7. Bxc4 Bxc4 8.
Nxc4 Nc6 9. dxc5 Qxd1+ 10. Kxd1 Ne4 11. Ke2 Nxc5 12. Bd2 e6 13. b4 Nb3 14. b5
Nd8 15. Rab1 Rc8 16. Nfe5 Nxd2 17. Nxd2 f6 18. Nec4 Be7 19. Rhc1 Rc7 20. a5 O-O
21. b6 axb6 22. axb6 Rd7 23. Na5 e5 24. Ndc4 Rf7 25. Rd1 Bc5 26. Rdc1 Ne6 27.
Rb5 Bf8 28. Nb3 Rd8 29. Rd1 Rxd1 30. Kxd1 Rd7+ 31. Ke2 Kf7 32. g3 g5 33. g4 Ke8
34. Ra5 Rd8 35. Ra7 Rb8 36. Kd3 Nd8 37. Nca5 Kd7 38. Kc4 Ke6 39. Nc5+ Bxc5 40.
Kxc5 Rc8+ 41. Kb5 Rb8 42. Nb3 Kd5 43. Nc5 Nf7 44. e4+ Kd4 45. Ra3 1-0

[Event "Cappelle op 20th"]
[Site "Cappelle la Grande"]
[Date "2004.02.28"]
[Round "1"]
[White "Kharlov, Andrei"]
[Black "Czebe, Attila"]
[Result "1/2-1/2"]
[WhiteElo "2607"]
[BlackElo "2487"]
[PlyCount "90"]
[EventDate "2004.02.28"]
[EventType "swiss"]
[EventRounds "9"]
[EventCountry "FRA"]
[SourceTitle "CBM 099 ext"]
[Source "ChessBase"]
[SourceDate "2004.05.04"]
[SourceVersion "1"]
[SourceVersionDate "2004.05.04"]
[SourceQuality "1"]

1. c4 b6 2. d4 Bb7 3. Nc3 e6 4. a3 f5 5. d5 Be7 6. Nf3 Na6 7. g3 Nc5 8. Bg2 Bf6
9. Nd4 Bxd4 10. Qxd4 Nf6 11. Qd1 O-O 12. f3 a5 13. O-O c6 14. dxe6 dxe6 15. Bf4
Rf7 16. Qxd8+ Rxd8 17. Rad1 Rfd7 18. Bc7 Rxd1 19. Rxd1 Rxd1+ 20. Nxd1 Ncd7 21.
f4 Ne8 22. Bd8 Nd6 23. c5 Nxc5 24. Bxb6 Nb3 25. Bc7 Nc4 26. e4 Kf7 27. exf5
exf5 28. Bf1 Ncd2 29. Bd3 g6 30. Kf2 c5 31. Ke3 a4 32. Bb5 Nd4 33. Bxa4 Nf1+
34. Kf2 Nxh2 35. Ne3 Nhf3 36. Nc4 Ke6 37. Ke3 Nh2 38. Bd1 Bd5 39. Nd2 Ng4+ 40.
Bxg4 fxg4 41. Bb6 Nf5+ 42. Kf2 Kd6 43. Nb1 Kc6 44. Nc3 Nd6 45. Bd8 Nc4 1/2-1/2

[Event "Cappelle op 20th"]
[Site "Cappelle la Grande"]
[Date "2004.02.29"]
[Round "2"]
[White "Kharlov, Andrei"]
[Black "Zilberman, Yaacov"]
[Result "1-0"]
[WhiteElo "2607"]
[BlackElo "2407"]
[PlyCount "61"]
[EventDate "2004.02.28"]
[EventType "swiss"]
[EventRounds "9"]
[EventCountry "FRA"]
[SourceTitle "CBM 099 ext"]
[Source "ChessBase"]
[SourceDate "2004.05.04"]
[SourceVersion "1"]
[SourceVersionDate "2004.05.04"]
[SourceQuality "1"]

1. Nf3 d5 2. b3 c5 3. e3 Nf6 4. Bb2 e6 5. d4 Nc6 6. a3 Bd7 7. Nbd2 Rc8 8. Bd3
Be7 9. O-O O-O 10. dxc5 Bxc5 11. b4 Be7 12. c4 a6 13. cxd5 exd5 14. Rc1 Re8 15.
Qb3 Be6 16. Ng5 Bd6 17. Nxe6 fxe6 18. Nf3 Rc7 19. Rfe1 Ne4 20. Re2 Ng5 21. Nxg5
Qxg5 22. f4 Qh5 23. Rf1 a5 24. Rf3 Qf7 25. Rh3 h6 26. Rg3 Qf8 27. b5 Nb8 28.
Rf2 Rce7 29. Qd1 Nd7 30. Qh5 Nc5 31. Bxg7 1-0

[Event "Cappelle op 20th"]
[Site "Cappelle la Grande"]
[Date "2004.03.01"]
[Round "3"]
[White "Lagowski, Patryk"]
[Black "Kharlov, Andrei"]
[Result "0-1"]
[WhiteElo "2404"]
[BlackElo "2607"]
[PlyCount "88"]
[EventDate "2004.02.28"]
[EventType "swiss"]
[EventRounds "9"]
[EventCountry "FRA"]
[SourceTitle "CBM 099 ext"]
[Source "ChessBase"]
[SourceDate "2004.05.04"]
[SourceVersion "1"]
[SourceVersionDate "2004.05.04"]
[SourceQuality "1"]

1. d4 d5 2. Nf3 c6 3. c4 dxc4 4. e3 Be6 5. a4 Nf6 6. Na3 c5 7. Nxc4 Nc6 8. Nce5
cxd4 9. Bb5 Bd5 10. O-O a6 11. Bxc6+ bxc6 12. Qxd4 g6 13. a5 Bg7 14. Qa4 Qc7
15. Bd2 Ne4 16. Nd3 O-O 17. Rac1 Qb7 18. Bb4 Rfd8 19. Qa3 c5 20. Bxc5 Nxc5 21.
Nxc5 Qxb2 22. Qa4 Rdc8 23. Nd4 e5 24. Rc2 Qb8 25. Qd7 exd4 26. Qxd5 dxe3 27.
fxe3 Qa7 28. Kh1 Rc7 29. Rcc1 Rac8 30. Nd3 Rxc1 31. Nxc1 Qxe3 32. Qxf7+ Kh8 33.
Na2 Qe2 34. Nc1 Qb5 35. Re1 Rf8 36. Qa7 Qxa5 37. Nd3 Qxe1+ 38. Nxe1 Rf1+ 39.
Qg1 Rxg1+ 40. Kxg1 a5 41. Kf2 a4 42. Nc2 Bf8 43. h4 a3 44. h5 a2 0-1

[Event "Cappelle op 20th"]
[Site "Cappelle la Grande"]
[Date "2004.03.01"]
[Round "4"]
[White "Gharamian, Tigran"]
[Black "Kharlov, Andrei"]
[Result "0-1"]
[WhiteElo "2332"]
[BlackElo "2607"]
[PlyCount "64"]
[EventDate "2004.02.28"]
[EventType "swiss"]
[EventRounds "9"]
[EventCountry "FRA"]
[SourceTitle "CBM 099 ext"]
[Source "ChessBase"]
[SourceDate "2004.05.04"]
[SourceVersion "1"]
[SourceVersionDate "2004.05.04"]
[SourceQuality "1"]

1. e4 e5 2. Nf3 Nc6 3. Bb5 Nf6 4. Bxc6 dxc6 5. d3 Bd6 6. O-O c5 7. Qe2 Nd7 8.
Nbd2 Nf8 9. Nc4 Ng6 10. Bg5 f6 11. Be3 O-O 12. a4 a5 13. Nfd2 Be6 14. Rfe1 b6
15. Nf1 Qd7 16. Ng3 Rf7 17. b3 Bf8 18. f3 Ne7 19. Qf2 Nc6 20. Bd2 g6 21. Rad1
Rd8 22. Ne3 Nd4 23. Ne2 Nxc2 24. Nxc2 Bxb3 25. Ne3 Bxd1 26. Rxd1 Qxa4 27. Nc3
Qe8 28. Ncd5 Bg7 29. Bc3 a4 30. Qa2 Kh8 31. Qc4 b5 32. Qa2 c6 0-1

[Event "Cappelle op 20th"]
[Site "Cappelle la Grande"]
[Date "2004.03.02"]
[Round "5"]
[White "Kharlov, Andrei"]
[Black "McNab, Colin Anderson"]
[Result "1-0"]
[WhiteElo "2607"]
[BlackElo "2388"]
[PlyCount "115"]
[EventDate "2004.02.28"]
[EventType "swiss"]
[EventRounds "9"]
[EventCountry "FRA"]
[SourceTitle "CBM 099 ext"]
[Source "ChessBase"]
[SourceDate "2004.05.04"]
[SourceVersion "1"]
[SourceVersionDate "2004.05.04"]
[SourceQuality "1"]

1. d4 d6 2. e4 g6 3. g3 Bg7 4. Bg2 Nc6 5. d5 Ne5 6. Nc3 c6 7. h3 cxd5 8. Nxd5
Nf6 9. Ne2 Nxd5 10. exd5 O-O 11. O-O Qb6 12. b3 Nd7 13. Be3 Qc7 14. Bd4 Nf6 15.
c4 Bd7 16. a4 e5 17. dxe6 fxe6 18. Nc3 a6 19. Re1 Rae8 20. Rc1 Bc6 21. Rc2 Bxg2
22. Kxg2 Qc6+ 23. Kh2 Nd7 24. Bxg7 Kxg7 25. f4 e5 26. Nd5 exf4 27. Qd4+ Nf6 28.
Rce2 fxg3+ 29. Kxg3 Re5 30. Rxe5 dxe5 31. Rxe5 Rf7 32. Nxf6 Qxf6 33. Rd5 Re7
34. Qxf6+ Kxf6 35. Kf4 h6 36. a5 g5+ 37. Kg4 h5+ 38. Kxh5 Re3 39. Kg4 Rxb3 40.
Rf5+ Ke6 41. Rxg5 Rb4 42. Rc5 Kd6 43. Rf5 Rxc4+ 44. Kg5 Ke6 45. Rf6+ Ke7 46.
Rf4 Rc1 47. h4 Ke6 48. h5 Rc5+ 49. Kg6 Rxa5 50. h6 Ra1 51. h7 Rh1 52. Rf6+ Ke7
53. Rf5 Rxh7 54. Kxh7 Ke6 55. Kg6 b5 56. Kg5 b4 57. Kf4 b3 58. Ke4 1-0

[Event "Cappelle op 20th"]
[Site "Cappelle la Grande"]
[Date "2004.03.05"]
[Round "8"]
[White "Kharlov, Andrei"]
[Black "Urban, Klaudiusz"]
[Result "1-0"]
[WhiteElo "2607"]
[BlackElo "2496"]
[PlyCount "119"]
[EventDate "2004.02.28"]
[EventType "swiss"]
[EventRounds "9"]
[EventCountry "FRA"]
[SourceTitle "CBM 099 ext"]
[Source "ChessBase"]
[SourceDate "2004.05.04"]
[SourceVersion "1"]
[SourceVersionDate "2004.05.04"]
[SourceQuality "1"]

1. e4 c6 2. d4 d5 3. exd5 cxd5 4. c4 Nf6 5. Nc3 g6 6. Qb3 Bg7 7. cxd5 O-O 8.
Nge2 Nbd7 9. g3 Nb6 10. Bg2 a5 11. a4 Bf5 12. Nf4 Qd6 13. O-O g5 14. Nfe2 h6
15. Nb5 Qd7 16. Nbc3 Qd6 17. h3 Rfd8 18. g4 Bd3 19. Nb5 Bxb5 20. Qxb5 Nbxd5 21.
Bd2 b6 22. Rac1 Rac8 23. b3 Rxc1 24. Rxc1 e6 25. Rc6 Qa3 26. Bf3 Qb2 27. Qd3
Qa3 28. Qb1 Qe7 29. Qc1 Rd6 30. Rc4 Rd8 31. h4 Nh7 32. hxg5 hxg5 33. Ng3 Qf6
34. Rc8 Nf4 35. Be3 Nh3+ 36. Kg2 Nf4+ 37. Kf1 Rxc8 38. Qxc8+ Nf8 39. Qc7 Qg6
40. Ne4 Nd5 41. Qd8 f5 42. gxf5 Qxf5 43. Ke2 g4 44. Bg2 b5 45. Qxa5 bxa4 46.
Qxa4 Ng6 47. Qe8+ Bf8 48. Kd2 Ndf4 49. Bh1 Kg7 50. Qd7+ Kg8 51. Qd8 Kg7 52.
Qc7+ Kg8 53. Qd8 Kg7 54. Kc2 Nd5 55. Qg5 Nxe3+ 56. Qxe3 Qa5 57. Nc3 Bb4 58.
Qxe6 Bxc3 59. Be4 Nf4 60. Qxg4+ 1-0